Wird geladen...

Kadal venthan /

Bibliographische Detailangaben
1. Verfasser: Chandilyan Pseud
Sprache:Undetermined
Veröffentlicht: Madras : Bharathi pathippagam , 1984.
LEADER 00447nam a2200133Ia 4500
001 54003
008 170722s9999 xx 000 0 und d
100 |a Chandilyan Pseud 
245 |a Kadal venthan / 
260 |a Madras :  |b Bharathi pathippagam ,  |c 1984. 
300 |a Ppiv+390 
942 |c GEN 
999 |c 103989  |d 103989 
952 |0 0  |1 0  |4 0  |6 O_313N101KADA_M4  |7 0  |9 146474  |a LIB  |b LIB  |d 2017-08-12  |l 1  |o O31,3N101,KADA M4  |p 197577  |r 2020-01-14  |s 2020-01-07  |v 27.50  |w 2017-08-12  |y GEN